| 000 | 01248nam a22002657a 4500 | ||
|---|---|---|---|
| 999 |
_c168034 _d168034 |
||
| 005 | 20190925132513.0 | ||
| 010 | _a B-179625 | ||
| 020 |
_a8189314963 _c160.00 |
||
| 035 | _aB-179597,B-179622, B-179625 | ||
| 035 | _a B-179625 | ||
| 037 | _bअजमेरा बुक कम्पनी | ||
| 082 |
_a338.04 _bरामचं |
||
| 245 |
_aउद्यमिता के मूल आधार / _cएच.के.रामचन्दानी; के.सी.शर्मा; के.एस.पारीक एवं स्नेह सक्सेना |
||
| 260 |
_aजयपुर _bअजमेरा बुक कम्पनी _c2006 |
||
| 270 |
_aअजमेरा बुक _bजयपुर _e302002 |
||
| 300 |
_a526पृ _c22सेमी (सजिल्द) |
||
| 650 |
_aउद्यमिता _xभारत |
||
| 700 |
_aरामचन्दानी, एच.के. _944733 |
||
| 700 |
_aशर्मा, के.सी. _944734 |
||
| 700 |
_aपारीक, के.एस. _944735 |
||
| 700 |
_aसक्सेना, स्नेह _944736 |
||
| 700 |
_aमेनन, सुभद्रा _944737 |
||
| 942 |
_2ddc _cHN _h338.04 _mरामचं |
||